| 000 | 01521cad a22002295a 4500 | ||
|---|---|---|---|
| 001 | L155326 | ||
| 008 | 120320e2012 xxk 000 0 eng d | ||
| 035 | _a(Sirsi) u155326 | ||
| 041 | 0 | _aeng | |
| 100 | 1 | _aChin, Henry | |
| 245 | 0 | 4 |
_aThe case for China retail _bissues and opportunities - 12 March 2012 _h[electronic resource] |
| 260 |
_aParsippany NJ _bPramerica Real Estate Investors _c2012 |
||
| 520 | _aChina has enormous potential for investors in all property investment categories. Strong population growth, a large pool of qualified workers, greater integration with the world economy and increasing domestic and foreign investment are fueling demand for office, retail and residential property. Given the strong interest from global investors and the growth in the scale and activity in China, it is worth understanding the fundamental drivers and opportunities of the Chinese retail market in the years ahead. | ||
| 520 | _aExecutive summary -- Why China? -- The story behind the growth -- Part 2: The case for China commercial real estate -- Part 3: China retail market overview -- Understanding China retail investments -- Part 4: China retail market assessment -- Conclusion. | ||
| 590 | _aKA | ||
| 651 | 4 | _aChina | |
| 690 |
_aCommercial property _96227 |
||
| 690 |
_aResidential property _96266 |
||
| 700 | 1 | _aChow, Alan | |
| 856 | 4 | 0 |
_uhttps://www2.prudential.com/PIM/irr.nsf/112f9a95764b93718525669b004cf4dd/c9e0def675e40b3e852579bf004fadd5 _zView the report at www2.prudential.com |
| 942 | _n0 | ||
| 999 |
_c83855 _d83855 |
||